| 000 | 00373nam a22001457a 4500 | ||
|---|---|---|---|
| 999 |
_c193661 _d193661 |
||
| 008 | 221107b ||||| |||| 00| 0 eng d | ||
| 082 | _a615-SWA | ||
| 100 | _aOM, SWAMI | ||
| 245 |
_aTHE WELLS SENSE _hENGLISH |
||
| 260 |
_a NEW DELHI _bROHINI _cA.I.C.B |
||
| 270 | _aA.I.C.B ,ROHINI NEW DELHI | ||
| 300 |
_a. _b. _c12X13 |
||
| 490 | _v1-3 | ||
| 942 |
_2ddc _cBRLEN _k615 _mSWA |
||